000 00580nam a2200205Ia 4500
003 OSt
005 20240516114813.0
008 210210b1994 xxu||||| |||| 00| 0 eng d
040 _cAL
041 _aKannada
082 _aK894.301 SUVA
100 _aSUVARNA CHANDRASHEKHARA.
_dಚಂದ್ರಶೇಖರ ಸುವರ್ಣ
_9164802
245 _aAnivarya.
_b ಅನಿವಾರ್ಯ
260 _aBangalore
_bPanchajanya Pablikeshans
_c1994
300 _a174
650 _aSanna kategalu
_9164803
690 _aKannada Fiction
_9164804
906 _a048996
942 _2ddc
_cBK
999 _c98012
_d98012